History Quiz

Random History or Clickable Quiz

First and Last Historical Rulers Quiz Stats

 Plays Quiz Updated Nov 17, 2015

Challenge
Share
Tweet
Embed
Score 0/25 Timer 10:00
0 Plays Today
% Correct
Soviet Union
98.4%
Mongol Empire
93.1%
Republic of Texas
92.6%
North Vietnam
89.1%
Egyptian New Kingdom
89%
Roman Empire
83.8%
Kingdom of Hawaiʻi
81.1%
Gran Colombia
80.3%
Inca Empire
76.7%
Aztec Empire
73.3%
Qing Dynasty
73.1%
French Third Republic
70.9%
Ottoman Empire
70.7%
% Correct
Holy Roman Empire
66.5%
Byzantine Empire
65.9%
Zulu Kingdom
60.1%
Tokugawa Shogunate
58.5%
Achaemenid Empire
51%
Kingdom of Jerusalem
48.7%
Joseon, Kingdom of Korea
46.5%
Mughal Empire
39.9%
Mali Empire
37.3%
Umayyad Caliphate
28%
Ashanti Empire
24.3%
Songhai Empire
15.2%

You're not logged in!

Compare scores with friends on all Sporcle quizzes.
Join for Free
OR
Log In

You Might Also Like...

Show Comments

Extras

Top Quizzes Today


Score Distribution

Your Account Isn't Verified!

In order to create a playlist on Sporcle, you need to verify the email address you used during registration. Go to your Sporcle Settings to finish the process.

Report this User

Report this user for behavior that violates our Community Guidelines.

Details: